000 00892cam a22002651 4500
999 _c41356
_d41356
001 4528765
003 OSt
005 20210826103020.0
008 721213s1954 nyua 000 0 eng
010 _a 52013912
020 _a8120417089
020 _a9788120417083
040 _aDLC
_cDLC
_dDLC
050 0 0 _aBF181
_b.W6 1954
082 0 0 _a150.72
_bWOD/E
100 1 _aWoodworth, Robert Sessions,
_d1869-1962
_98690
245 0 0 _aExperimental psychology.
250 _aRev. ed.
_b[by] Robert S. Woodworth [and] Harold Schlosberg.
260 _aNew York,
_aNew Delhi:
_bHolt
_bCBS Publishers,
_c[1954]
_c2019.
300 _a948 p.
_billus.
_c24 cm.
650 0 _aPsychology, Experimental.
700 1 _aSchlosberg, Harold,
_d1904-1964
_ejoint author.
_98691
906 _a7
_bcbc
_corignew
_du
_eocip
_f19
_gy-gencatlg
942 _2ddc
_cBK
_h150.72
_iWOD/E
_k150.72
_mWOD/E